Państwa z najwyższym przyrostem naturlanym - Statystyki

Ogólne statystyki
  • Ten quiz został rozwiązany 319 razy
  • Średni wynik to 3 z 10
Statystyki odpowiedzi
# Kontynent Państwo % % Poprawnych
7 Afryka Niger 3,28
94%
3 Afryka Sudan Południowy 4,12
51%
9 Afryka Uganda 3,24
35%
10 Afryka Libia 3,08
32%
2 Afryka Zimbabwe 4,36
32%
8 Afryka Burundi 3,28
22%
5 Azja Katar 3,58
19%
1 Azja Liban 9,34
18%
6 Afryka Malawi 3,33
18%
4 Azja Jordania 3,86
16%
Nie znaleziono quizów pasujących do podanych kryteriów
Rozkład punktacji
Procent ludzi z każdym wynikiem
Percentyl według liczby udzielonych odpowiedzi
Twoja historia wyników
Nie rozwiązałeś tego quizu